000 01215njm a22002897a 4500
005 20100901115333.0
006 a|||||r|||||00| 0
007 sd ammalaaahaa
008 100901t xxu||||| |||| 00| 0 eng d
028 _aS/TAE. 1644
_bAngel Records
035 _aGR-01991
040 _aSED
_cSED
100 _aKalle, Krishna
_917891
245 _aSachaa Jhutha /
_cby Krishna Kalle ; music by Kalvanji Anandji ; lyrices by Gulshan Bawra
_h[Sound recording]
246 _aसचा झूठा / कृष्ण कल्ले
260 _aDUM DUM, India
_bAngel Records
_c1970
300 _a1 Sound disc [Gramophone Recording] :
_banalog, 33 1/3 rpm
_c7 in. (SP)
_fGramophone Record
500 _aBrief record
500 _aRecord Labels : Angel Records, Bruan
505 _aSide-1 करले प्यार करले (karle pyar karle) (Krishna Kalle) Side-2 कहदो कहदो (Kahdo kahdo) (Hemlata & A. Kumar)
600 _2Kalle, Krishna
650 _aClassical music
_xExcerpts
_zIndia
_917892
700 _919683
_aKalvanji Anandji
700 _aBawra, Gulshan
_919708
942 _2ddc
_cGR
999 _c45450
_d45450